| 000 | 00615nam a22002177a 4500 | ||
|---|---|---|---|
| 003 | OSt | ||
| 005 | 20150526113438.0 | ||
| 008 | 150409b xxu||||| |||| 00| 0 eng d | ||
| 020 | _a075063720X | ||
| 040 | _cDNLM | ||
| 082 | _aWW 220 M16m 1999 | ||
| 100 |
_aSteele Arthur _93632 |
||
| 245 |
_aManual of Systematic corneal surgery / _cArthur Steele & Colin Kirkness. |
||
| 250 | _a2nd ed. | ||
| 260 |
_aOxford : _bButterworth Heinemann; _c1999. |
||
| 300 |
_a164 p : _bcol.ill; _c26 cm |
||
| 504 | _aIncludes references and Index. | ||
| 650 |
_aSurgery _9323 |
||
| 700 |
_aKirkness Colin _93633 |
||
| 942 |
_2z _cSLOAN |
||
| 999 |
_c1371 _d1371 |
||